Countries Bordering the Atlantic Ocean - Statistics

General Stats
  • This quiz has been taken 23 times
  • The average score is 37 of 49
Answer Stats
Region Country % Correct
North America Canada
100%
North America Mexico
95%
North America United States
95%
South America Argentina
90%
South America Brazil
90%
South America Venezuela
90%
Europe France
86%
South America Guyana
86%
Africa Morocco
86%
Europe Spain
86%
South America Suriname
86%
Europe United Kingdom
86%
Central America Belize
81%
South America Columbia
81%
Central America Costa Rica
81%
Europe (Greenland) Denmark
81%
Africa Ghana
81%
Central America Panama
81%
Europe Portugal
81%
Central America Guatemala
76%
Central America Honduras
76%
Africa Ivory Coast
76%
Europe Netherlands
76%
Central America Nicaragua
76%
Africa Nigeria
76%
South America Uruguay
76%
Africa Angola
71%
Europe Belgium
71%
Africa Congo
71%
Africa Democratic Republic of the Congo
71%
Europe Iceland
71%
Europe Ireland
71%
Africa Namibia
71%
Europe Norway
71%
Africa Senegal
71%
Africa Cameroon
67%
Africa Gambia
67%
Africa Liberia
67%
Africa South Africa
67%
Africa Benin
62%
Africa Gabon
62%
Africa Mauritania
62%
Africa São Tomé
57%
Africa Sierra Leone
57%
Africa Togo
57%
Africa Cape Verde
52%
Africa Equatorial Guinea
52%
Africa Guinea
52%
Africa Guinea-Bissau
52%
No matching quizzes found
Score Distribution
Percent of People with Each Score
Percentile by Number Answered
Your Score History
You have not taken this quiz